000 00935nam a22002897a 4500
003 CHAP
005 20220329140023.0
008 971013s r 00010 d
010 _a45699
011 _a46671
035 _a50812
040 _cCHAP
090 _aFolleto 11934
110 _aUACH. Dirección de Patronato Universitario
_9115925
245 _aInstructivo para operación del patrimonio
260 _a(s.l.) :
_bEl Patronato,
_c(198 ?)
300 _a(13) h.
590 _aBATCH-UPD
_b10
_c20130110
_lUCH01
_h1618
590 _aBATCH-UPD
_b10
_c20130410
_lUCH01
_h1013
590 _aBATCH-UPD
_b10
_c20130914
_lUCH01
_h2058
590 _aCONVERSION
_b10
_c20130109
_lUCH01
_h1325
650 1 4 _aUniversidades
_xAdministración.
_9116596
901 _aBK
942 _cFOLL
949 _aFolleto 11934
_bBC
_cFOLL
_d33724002037116
_eTS1
_fc.2
_i50812
_kfotocopia
_sb
949 _aFolleto 11934
_bBC
_cUACH
_d-114078
_eUACH
_i50812
_mD
_si
999 _c45699
_d45699